[Event "Gryfice Region-ch 09th"]
[Site "Gryfice"]
[Date "2011.11.05"]
[Round "3"]
[White "Jacek, Roksana"]
[Black "Peter, Rafal"]
[Result "1-0"]
[WhiteElo "1839"]
[BlackElo "1714"]
[PlyCount "109"]
[EventDate "2011.11.05"]
[EventType "swiss"]
[EventRounds "9"]
[EventCountry "POL"]
[SourceTitle "EXT 2023"]
[Source "ChessBase"]
[SourceDate "2022.10.05"]
[SourceVersion "1"]
[SourceVersionDate "2022.10.05"]
[SourceQuality "1"]

1. e4 d6 2. d4 Nf6 3. Nc3 g6 4. Nf3 Bg7 5. Bd3 Bg4 6. h3 Bxf3 7. Qxf3 Nc6 8. Ne2 0-0 9. c3 a6 10. a4 Na5 11. Be3 c5 12. 0-0 c4 13. Bc2 b5 14. Rfd1 Qc7 15. Bg5 Rab8 16. Rdb1 h6 17. Bf4 e5 18. Bh2 b4 19. cxb4 Rxb4 20. dxe5 dxe5 21. Qc3 Nc6 22. Kh1 a5 23. f3 Rfb8 24. Bg1 Qe7 25. b3 cxb3 26. Bxb3 Qb7 27. Bc2 Bf8 28. Nc1 Nd4 29. Bxd4 exd4 30. Qd2 Qc7 31. Nd3 Rxb1+ 32. Rxb1 Rc8 33. Bb3 Qc3 34. Qd1 Bb4 35. Ne5 Rc7 36. Qf1 Nh5 37. Qb5 Bd6 38. Nxf7 Qc1+ 39. Bd1 Ng3+ 40. Kh2 Nxe4+ 41. Nxd6 Qf4+ 42. Kg1 Nxd6 43. Qd5+ Kg7 44. Rb8 Nf7 45. Rb1 Qe3+ 46. Kh2 Re7 47. Bb3 Qf4+ 48. Kg1 Re2 49. Rd1 h5 50. Qxd4+ Qxd4+ 51. Rxd4 Re5 52. Rd7 Rf5 53. Ra7 Kf8 54. Bxf7 Rxf7 55. Rxa5 1-0